Αστικός κώδικας : Σχόλια - Νομολογία

Αποθηκεύτηκε σε:
Λεπτομέρειες βιβλιογραφικής εγγραφής
Κύριος συγγραφέας: Τριάντος, Νικόλαος Τ.
Μορφή: Βιβλίο
Γλώσσα:Greek
Δημοσίευση: Αθήνα : Νομική Βιβλιοθήκη, 1992
Θέματα:
Ετικέτες: Προσθήκη ετικέτας
Δεν υπάρχουν, Καταχωρήστε ετικέτα πρώτοι!

MARC

LEADER 00000nam a2200000 i 4500
001 1/23671
008 950321s1992 gre d
035 |l 10022129 
040 |a GR-MY-UA  |b gre  |e aacr 
041 0 |a gre 
082 0 |a 346.0026 
100 1 |a Τριάντος, Νικόλαος Τ. 
245 1 0 |a Αστικός κώδικας :  |b Σχόλια - Νομολογία /  |c Νικόλαος Τ. Τριάντος 
260 |a Αθήνα :   |b Νομική Βιβλιοθήκη,   |c 1992 
650 0 0 |a Civil law. 
650 0 0 |a Civil law  |x Codification. 
852 |a INST  |b CHIOS  |e 19950321  |h 346.0026 ΤΡΙ  |p 005200002328  |q 005200002328  |t BK  |y 0 
909 |a Χ  |b 029924